Daily Top Artists USA (5/15/23) w/ Most Streamed Song for Each Artist - Statistics

General Stats
  • This quiz has been taken 4 times
  • The average score is 23 of 50
Answer Stats
Most Streamed Song as a LEAD SINGER Artist % Correct
7 rings (2B) Ariana Grande
100%
Halo (1.3B) Beyoncé
100%
bad guy (2.3B) Billie Eilish
100%
Kiss Me More (1.5B) Doja Cat
100%
One Dance (2.6B) Drake
100%
Shape of You (3.5B) Ed Sheeran
100%
Lose Yourself (1.8B) Eminem
100%
HUMBLE. (1.9B) Kendrick Lamar
100%
Summertime Sadness (884.7M) Lana Del Rey
100%
Starships (861.2M) Nicki Minaj
100%
Blank Space (1.2B) Taylor Swift
100%
Blinding Lights (3.6B) The Weeknd
100%
As It Was (2.3B) Harry Styles
67%
Sucker for Pain (1B) Lil Wayne
67%
Work (1.2B) Rihanna
67%
Kill Bill (932.4M) SZA
67%
SAD! (2B) XXXTENTACION
67%
Bank Account (1B) 21 Savage
33%
DÁKITI (1.7B) Bad Bunny
33%
Jugaste y Sufrí (375M) Eslabon Armado
33%
Mask Off (1.4B) Future
33%
No Se Va - En Vivo (346M) Grupo Frontera
33%
DOLLAZ ON MY HEAD (335.2M) Gunna
33%
No Role Modelz (1.7B) J. Cole
33%
Lucid Dreams (2.2B) Juice WRLD
33%
telepatía (856.6M) Kali Uchis
33%
Stronger (1.2B) Kanye West
33%
Tusa (1.4B) KAROL G
33%
Drip Too Hard (1.2B) Lil Baby
33%
3 Headed Goat (282.7M) Lil Durk
33%
XO Tour Llif3 (1.9B) Lil Uzi Vert
33%
Beautiful Crazy (623.2M) Luke Combs
33%
Space Cadet (698.8M) Metro Boomin
33%
Whiskey Glasses (603.8M) Morgan Wallen
33%
PRC (299.6M) Peso Pluma
33%
RAPSTAR (768.1M) Polo G
33%
rockstar (2.7B) Post Malone
33%
goosebumps (2B) Travis Scott
33%
Make No Sense (318.1M) YoungBoy Never Broke Again/YoungBoy NBA/NBA YoungBoy/YBNBA
33%
Something in the Orange (378.2M) Zach Bryan
33%
Trust (359.2M) Brent Faiyaz
0%
Lost (773.7M) Frank Ocean
0%
Bebe Dame (280.1M) Fuerza Regida
0%
Ella (294.5M) Junior H
0%
Self Care (571.8M) Mac Miller
0%
AMG (347M) Natanael Cano
0%
Magnolia (661.9M) Playboi Carti
0%
See You Again (879.5M) Tyler, The Creator
0%
...And to Those I Love, Thanks for Sticking Around (513.9M) $uicideboy$/Suicideboys
0%
Monëy so big (238.7M) Yeat
0%
No matching quizzes found
Score Distribution
Percent of People with Each Score
Percentile by Number Answered
Your Score History
You have not taken this quiz